000 00670nam a2200205 i 4500
001 160625
003 ES-MaACL
005 20250721144344.0
008 040930s1883 xxkabf |||| | eng d
040 _aCAM
_bspa
_cCAM
100 1 _aNewcomb, Simon.
_9130451
245 1 0 _aPopular astronomy /
_cby Simon Newcomb.
250 _a2nd ed. rev.
260 _aLondon :
_bMacmillan and Co.,
_c1883 (
_fprinted by William Clowes and Sons)
300 _aXX, 579 p., [1] h. lám., V h. map. dobles :
_bil. ;
_c23 cm.
599 _aLas h. de map. estelares.
650 7 _aAstronomía
_2embne
_910386
852 _aES-MaACL
_jG-11486
_z-- Enc. tela
999 _c160625
_d160625